00215nam a2200097Ia 4500008004100000082000800041100001500049245003200064942000600096999001500102240331s9999 xx 000 0 und d bMAT aRam, K. ed 0aMaternities and modernities cL c2192d2192